00426 2200169 4500001002100000005001500021008004100036020001800077035001900095041000700114082001000121090001600131245002900147260003000176300003300206650001700239INLIS00000000000215720241224112502241224||||||||| | ||| |||| || |  a979-3454-41-5 0010-1224002157 aid0 a612.6 a612.6 TIM m00aMerawat Balita Itu Mudah aBandungbNexx Mediac2004 av, 152 hlm. : ilus, ; 19 cm. 0aBuku Panduan